Művész és műkedvelő.
Elmentve itt :
| Szerző: | |
|---|---|
| Adatforrás: | Philobibl |
| Forrásdokumentuma: | Művészet 1904. évf., 335-336.p. p. |
| Dokumentumtípus: | Cikk |
| Nyelv: | magyar |
| LEADER | 00269nab a2200097 c 4500 | ||
|---|---|---|---|
| 001 | bibDOK00025074 | ||
| 005 | 20200924121934.3 | ||
| 008 | 060518s1904 xx hun | ||
| 100 | 1 | |a Iván Ede | |
| 245 | 1 | 0 | |a Művész és műkedvelő. |c Iván Ede |
| 773 | 0 | |t Művészet |g 1904. évf., 335-336.p. p. | |